000 00530nam a2200229Ia 4500
003 0100
008 130303s9999 xx 000 0 und d
020 _a0130209805
040 _cARRUPELIB
050 _aBL80.2.S62 2000
100 _aSmart , Ninian
245 _aWorldViews
245 _bcrosscultural explorations of human beliefs
250 _a3rd ed.
260 _aNew Jersey
260 _bPrentice Hall, Inc.
260 _C2000
300 _ax
300 _b 176p. 22cm.
650 _aRELIGION
942 0 0 _05
999 _c16253
_d16253